MY CIKGU MY HERO : (Record no. 203062)
[ view plain ]
| 000 -LEADER | |
|---|---|
| fixed length control field | 01450nam a2200397 ia4500 |
| 003 - CONTROL NUMBER IDENTIFIER | |
| control field | OSt |
| 005 - DATE AND TIME OF LATEST TRANSACTION | |
| control field | 20260212114605.0 |
| 008 - FIXED-LENGTH DATA ELEMENTS--GENERAL INFORMATION | |
| fixed length control field | 260212s2025 my a jr6 000 0 may |
| 020 ## - INTERNATIONAL STANDARD BOOK NUMBER | |
| International Standard Book Number | 9789674499679 |
| Terms of availability | RM 12.00 |
| Qualifying information | paperback |
| 040 ## - CATALOGING SOURCE | |
| Original cataloging agency | PPA |
| Language of cataloging | eng |
| Transcribing agency | PPAK |
| Description conventions | rda |
| 082 04 - DEWEY DECIMAL CLASSIFICATION NUMBER | |
| Edition number | 23 |
| Classification number | 741.59595 |
| 090 ## - LOCALLY ASSIGNED LC-TYPE CALL NUMBER (OCLC); LOCAL CALL NUMBER (RLIN) | |
| Classification number (OCLC) (R) ; Classification number, CALL (RLIN) (NR) | 741.59595 |
| Feature heading | MYC |
| Feature heading | K |
| 245 00 - TITLE STATEMENT | |
| Title | MY CIKGU MY HERO : |
| Remainder of title | GURUKU, PENYULUH JALAN ILMU / |
| Statement of responsibility, etc. | Editor: Amalina Aida Abdul Rahim, Asrul Adli ; Ilustrator Dalam : Kerel, Ja'a, Zack, Faris, Tim, Azam, Khairi, Ina, Putra |
| 264 #1 - PRODUCTION, PUBLICATION, DISTRIBUTION, MANUFACTURE, AND COPYRIGHT NOTICE | |
| Place of production, publication, distribution, manufacture | Kuala Lumpur : |
| Name of producer, publisher, distributor, manufacturer | Ana Muslim Sdn Bhd, |
| Date of production, publication, distribution, manufacture, or copyright notice | [2025] |
| 300 ## - PHYSICAL DESCRIPTION | |
| Extent | 95 pages : |
| Other physical details | colour illustrations ; |
| Dimensions | 22 cm |
| 336 ## - CONTENT TYPE | |
| Content type term | text |
| Source | rdacontent |
| 337 ## - MEDIA TYPE | |
| Media type term | unmediated |
| Source | rdamedia |
| 338 ## - CARRIER TYPE | |
| Carrier type term | volume |
| Source | rdacarrier |
| 490 1# - SERIES STATEMENT | |
| Series statement | SIRI EDUKOMIK ISLAMI ANA MUSLIM |
| 500 ## - GENERAL NOTE | |
| General note | Includes questions and answers |
| 650 10 - SUBJECT ADDED ENTRY--TOPICAL TERM | |
| Topical term or geographic name entry element | Comic books, strips, etc. |
| Geographic subdivision | Malaysia |
| Topical term or geographic name entry element | Comic books and children |
| Geographic subdivision | Malaysia |
| 700 0# - ADDED ENTRY--PERSONAL NAME | |
| Personal name | Amalina Aida Abdul Rahim, |
| Dates associated with a name | 1992- |
| Relator term | editor. |
| Personal name | Asrul Adli, |
| Relator term | editor. |
| Personal name | Kerel, |
| Relator term | illustrator. |
| Personal name | Ja'a, |
| Relator term | illustrator. |
| Personal name | Zack, |
| Relator term | illustrator. |
| Personal name | Faris, |
| Relator term | illustrator. |
| Personal name | Azam, |
| Dates associated with a name | illustrator. |
| Personal name | Khairi, |
| Relator term | illustrator. |
| Personal name | Ina, |
| Relator term | illustrator. |
| Personal name | Putra, |
| Relator term | illustrator. |
| 710 2# - ADDED ENTRY--CORPORATE NAME | |
| Corporate name or jurisdiction name as entry element | Tim, |
| Relator term | illustrator. |
| 830 #0 - SERIES ADDED ENTRY--UNIFORM TITLE | |
| Uniform title | Siri edukomik islami ana muslim |
| 942 ## - ADDED ENTRY ELEMENTS (KOHA) | |
| Source of classification or shelving scheme | Dewey Decimal Classification |
| Koha item type | Book |
| Withdrawn | Not for loan | Current library | Shelving location | Date acquired | Total Checkouts | Full call number | Barcode | Date last seen | Koha item type | Checked out | Date last checked out |
|---|---|---|---|---|---|---|---|---|---|---|---|
| Perpustakaan Alor Setar | Pinjaman Kanak-kanak | 23/02/2026 | K 741.59595 MYC | A01898737 | 23/02/2026 | Book | |||||
| Perpustakaan Awam Sungai Petani | Pinjaman Kanak-kanak | 23/02/2026 | K 741.59595 MYC | A01898738 | 23/02/2026 | Book | |||||
| Perpustakaan Baling | Pinjaman Kanak-kanak | 23/02/2026 | K 741.59595 MYC | A01898742 | 23/02/2026 | Book | |||||
| Perpustakaan Bandar Baharu | Pinjaman Kanak-kanak | 23/02/2026 | K 741.59595 MYC | A01898743 | 23/02/2026 | Book | |||||
| Perpustakaan Jitra | Pinjaman Kanak-kanak | 23/02/2026 | 1 | K 741.59595 MYC | A01898739 | 25/04/2026 | Book | 16/05/2026 | 25/04/2026 | ||
| Perpustakaan Kuala Nerang | Pinjaman Kanak-kanak | 23/02/2026 | K 741.59595 MYC | A01898747 | 23/02/2026 | Book | |||||
| Perpustakaan Kulim | Pinjaman Kanak-kanak | 23/02/2026 | K 741.59595 MYC | A01898741 | 23/02/2026 | Book | |||||
| Perpustakaan Langkawi | Pinjaman Kanak-kanak | 23/02/2026 | K 741.59595 MYC | A01898740 | 23/02/2026 | Book | |||||
| Perpustakaan Merbok | Pinjaman Kanak-kanak | 23/02/2026 | K 741.59595 MYC | A01898744 | 23/02/2026 | Book | |||||
| Perpustakaan Pendang | Pinjaman Kanak-kanak | 23/02/2026 | K 741.59595 MYC | A01898748 | 23/02/2026 | Book | |||||
| Perpustakaan Sik | Pinjaman Kanak-kanak | 23/02/2026 | K 741.59595 MYC | A01898746 | 23/02/2026 | Book | |||||
| Perpustakaan Yan | Pinjaman Kanak-kanak | 23/02/2026 | K 741.59595 MYC | A01898745 | 23/02/2026 | Book |